000 00915nam a2200265Ia 4500
003 OSt
005 20220918170349.0
006 a|||||r|||| 00| 0
007 ta
008 220917b |||||||| |||| 00| 0 eng d
020 _a9780199229147 (hbk)
_c4385.14
024 _a240,084
037 _b27979, 13/07/2009, Segment Book Distributors
_cTextual
040 _aARTS
_cARTS
_beng
041 _2eng
_aeng
082 _aO111:g(V:17), P9
100 _aCarey Daniel Ed.
_928557
245 0 _aPostcolonial enlightenment
_b Eighteenth - centure colonialism and postcolonial theory
260 _aNew York
_bOxford University Press U.S.A
_c2009
300 _axiii, 378p.
_ccm.
650 _aENGLISH LITERATURE
700 _a Festa Lynn Ed.
_928558
942 _hO111:g(V:17), P9
_cTEXL
_2CC
999 _c133800
_d133800